|
|
|
|
| LEADER |
01054nam a2200253 a 4500 |
| 001 |
741831 |
| 008 |
090601s2000 maua b 001 0 eng d |
| 010 |
|
|
|a 99031818
|
| 020 |
|
|
|a 0072290722
|
| 040 |
|
|
|a DLC
|c DLC
|
| 082 |
0 |
0 |
|a 658/.049
|2 21
|
| 245 |
0 |
0 |
|a International management :
|b text and cases /
|c Paul Beamish ... [et al.].
|
| 250 |
|
|
|a 4th ed.
|
| 260 |
|
|
|a Boston :
|b Irwin McGraw-Hill,
|c 2000.
|
| 300 |
|
|
|a xiv, 626 p. :
|b ill. ;
|c 25 cm.
|
| 490 |
1 |
|
|a McGraw-Hill advanced topics in global management
|
| 504 |
|
|
|a Includes bibliographical references and index.
|
| 541 |
1 |
|
|e 00014716
|
| 650 |
|
0 |
|a International business enterprises
|x Management.
|
| 650 |
|
0 |
|a International business enterprises
|x Management
|v Case studies.
|
| 700 |
1 |
|
|a Beamish, Paul W.,
|d 1953-
|
| 852 |
4 |
|
|a Ayesha Abed Library
|j General Shelf.
|
| 999 |
|
|
|c 1240
|d 1240
|
| 952 |
|
|
|0 0
|1 0
|2 ddc
|4 0
|6 658_049000000000000_INT
|7 0
|9 1127
|a BRACUL
|b BRACUL
|c GEN
|d 2009-06-25
|g 0.00
|l 1
|m 13
|o 658.049 INT
|p 3010014716
|r 2013-12-25
|s 2013-09-25
|t 1
|w 2009-06-25
|y BK
|x No price found in the accession register.
|